[Event "Mittelfranken-chTB1 1213"]
[Site "Germany"]
[Date "2012.11.18"]
[Round "3.3"]
[White "Seeger, Peter"]
[Black "Nehls, Benedikt"]
[Result "1/2-1/2"]
[WhiteElo "2018"]
[BlackElo "2007"]
[PlyCount "52"]
[EventDate "2012.10.07"]
[EventType "team-tourn"]
[EventRounds "9"]
[EventCountry "GER"]
[SourceTitle "EXT 2019"]
[Source "ChessBase"]
[SourceDate "2018.10.10"]
[SourceVersion "1"]
[SourceVersionDate "2018.10.10"]
[SourceQuality "1"]
[WhiteTeam "Nuernberg NT III"]
[BlackTeam "Erlangen SC II"]
[WhiteTeamCountry "GER"]
[BlackTeamCountry "GER"]

1. d4 Nf6 2. c4 g6 3. g3 Bg7 4. Bg2 0-0 5. Nc3 d6 6. Nf3 Nc6 7. 0-0 Rb8 8. h3 Nd7 9. b3 e5 10. e3 h6 11. Bb2 Ne7 12. e4 exd4 13. Nxd4 Nc5 14. b4 Ne6 15. Nf3 Nc6 16. b5 Ncd4 17. Nxd4 Nxd4 18. Rb1 c5 19. Ne2 Qb6 20. Nxd4 cxd4 21. Qd3 Be6 22. Rfd1 Rbc8 23. Rbc1 Qa5 24. Qb3 Qb6 25. Qd3 Qa5 26. Qb3 Qb6 1/2-1/2

[Event "Nuremberg Zabo op 14th"]
[Site "Nuremberg"]
[Date "2012.09.15"]
[Round "3"]
[White "Seeger, Peter"]
[Black "Seyb, Alexander"]
[Result "0-1"]
[WhiteElo "2030"]
[BlackElo "2271"]
[PlyCount "120"]
[EventDate "2012.09.14"]
[EventType "swiss"]
[EventRounds "5"]
[EventCountry "GER"]
[SourceTitle "EXT 2018"]
[Source "ChessBase"]
[SourceDate "2017.10.13"]
[SourceVersion "1"]
[SourceVersionDate "2017.10.13"]
[SourceQuality "1"]

1. d4 Nf6 2. c4 e6 3. g3 d5 4. Nf3 dxc4 5. Bg2 Nc6 6. Qa4 Bb4+ 7. Bd2 Nd5 8. Bxb4 Ndxb4 9. 0-0 Rb8 10. Nc3 a6 11. a3 b5 12. Qd1 Nd5 13. Ne4 0-0 14. Nc5 Qe7 15. e3 Rd8 16. Qc2 e5 17. Nb3 Bb7 18. Nbd2 exd4 19. exd4 Nf6 20. Rfe1 Qd6 21. Ne4 Nxe4 22. Rxe4 Ne7 23. Re2 Ng6 24. Rd1 Bxf3 25. Bxf3 c5 26. d5 Ne5 27. Qf5 Nxf3+ 28. Qxf3 Re8 29. h4 Rxe2 30. Qxe2 Kf8 31. Qf3 Re8 32. Qf5 g6 33. Qg5 h5 34. Qh6+ Kg8 35. Qd2 Re4 36. Qc3 Re5 37. Qf3 Re7 38. Qc3 Re4 39. Kg2 Re7 40. Kg1 f6 41. a4 Kg7 42. axb5 axb5 43. Qa5 Rb7 44. Qa8 Qb8 45. Qa5 Rd7 46. Qe1 Qe5 47. Qd2 b4 48. Re1 Rxd5 49. Qc1 Qd4 50. Qa1 Rd7 51. Qa8 c3 52. bxc3 Qxc3 53. Re8 Qc4 54. Qc6 Qf7 55. Rc8 Rb7 56. Qd6 Qe7 57. Qd5 Qf7 58. Qd6 Kh7 59. Qd8 Qg7 60. Rxc5 b3 0-1

[Event "Nuremberg Zabo op 14th"]
[Site "Nuremberg"]
[Date "2012.09.14"]
[Round "1.16"]
[White "Seeger, Peter"]
[Black "Lottring, Dieter"]
[Result "1-0"]
[WhiteElo "2030"]
[BlackElo "1624"]
[PlyCount "85"]
[EventDate "2012.09.14"]
[EventType "swiss"]
[EventRounds "5"]
[EventCountry "GER"]
[SourceTitle "EXT 2022"]
[Source "ChessBase"]
[SourceDate "2021.10.06"]
[SourceVersion "1"]
[SourceVersionDate "2021.10.06"]
[SourceQuality "1"]

1. d4 g6 2. c4 Bg7 3. g3 d6 4. Nf3 b6 5. Bg2 Bb7 6. 0-0 Nf6 7. Nc3 0-0 8. Qc2 Nbd7 9. e4 Rb8 10. h3 e5 11. d5 Ra8 12. Be3 a5 13. Rfc1 Nb8 14. a3 Na6 15. Rab1 Nd7 16. b4 axb4 17. axb4 Qc8 18. Ne1 Nab8 19. Nd3 Ba6 20. Ra1 Nf6 21. c5 Bxd3 22. Qxd3 Nbd7 23. c6 Rxa1 24. Rxa1 Nb8 25. Ne2 Ne8 26. Ra8 f5 27. Qa3 f4 28. Bd2 fxg3 29. fxg3 Qd8 30. Be3 Qf6 31. Rxb8 h5 32. h4 Kh7 33. Qc1 Qf7 34. Rc8 Kg8 35. Qd2 Kh7 36. Qc2 Kg8 37. Bh3 Kh7 38. Be6 Qe7 39. Bd7 Nf6 40. Rxf8 Qxf8 41. Bg5 Nxd7 42. cxd7 Qf1+ 43. Kxf1 1-0

[Event "Mittelfranken-chTB1 1112"]
[Site "Germany"]
[Date "2012.03.11"]
[Round "8.1"]
[White "Seeger, Peter"]
[Black "Bunk, Karsten"]
[Result "0-1"]
[WhiteElo "2030"]
[BlackElo "2091"]
[PlyCount "75"]
[EventDate "2011.09.25"]
[EventType "team-tourn"]
[EventRounds "9"]
[EventCountry "GER"]
[SourceTitle "EXT 2018"]
[Source "ChessBase"]
[SourceDate "2017.10.13"]
[SourceVersion "1"]
[SourceVersionDate "2017.10.13"]
[SourceQuality "1"]
[WhiteTeam "Nuernberg NT III"]
[BlackTeam "Nuernberg Sued SW II"]
[WhiteTeamCountry "GER"]
[BlackTeamCountry "GER"]

1. d4 Nf6 2. c4 e6 3. g3 d5 4. Nf3 c6 5. Bg2 Nbd7 6. Qc2 b6 7. 0-0 Bb7 8. Nbd2 Bd6 9. e4 dxe4 10. Nxe4 Nxe4 11. Qxe4 Nf6 12. Qc2 0-0 13. Rd1 Qe7 14. Ne5 Rac8 15. Bg5 h6 16. Bxf6 gxf6 17. Ng4 Kg7 18. Rac1 h5 19. Ne3 f5 20. c5 Bb8 21. cxb6 axb6 22. Qb3 h4 23. Qxb6 hxg3 24. hxg3 f4 25. gxf4 Bxf4 26. Re1 Kh8 27. Rc5 f5 28. Nxf5 Qf7 29. Re4 Bg5 30. Rg4 Bd8 31. Qxd8 Rfxd8 32. Rh4+ Qh7 33. Rxh7+ Kxh7 34. Ne7 Rc7 35. Nxc6 Rg8 36. Nd8 Rxg2+ 37. Kf1 Rxc5 38. dxc5 0-1

[Event "Mittelfranken-chTB1 1112"]
[Site "Germany"]
[Date "2012.02.05"]
[Round "6.1"]
[White "Seeger, Peter"]
[Black "Stierhof, Michael"]
[Result "0-1"]
[WhiteElo "2077"]
[BlackElo "2132"]
[PlyCount "48"]
[EventDate "2011.09.25"]
[EventType "team-tourn"]
[EventRounds "9"]
[EventCountry "GER"]
[SourceTitle "EXT 2013"]
[Source "ChessBase"]
[SourceDate "2012.11.22"]
[SourceVersion "1"]
[SourceVersionDate "2012.11.22"]
[SourceQuality "1"]
[WhiteTeam "Nuernberg NT III"]
[BlackTeam "Nuernberg SK 1911"]
[WhiteTeamCountry "GER"]
[BlackTeamCountry "GER"]

1. d4 Nf6 2. c4 c5 3. d5 b5 4. cxb5 a6 5. bxa6 Bxa6 6. Nc3 d6 7. Nf3 g6 8. g3 Bg7 9. Bg2 0-0 10. 0-0 Nbd7 11. Rb1 Qa5 12. Bd2 Rfb8 13. b3 Ng4 14. Qc2 Nge5 15. Nxe5 Nxe5 16. a4 Rb7 17. h3 Rab8 18. f4 Nd7 19. Rfe1 c4 20. bxc4 Qc5+ 21. e3 Rxb1 22. Rxb1 Rxb1+ 23. Qxb1 Bxc3 24. Bxc3 Qxe3+ 0-1

[Event "Mittelfranken-chTB1 1112"]
[Site "Germany"]
[Date "2012.01.15"]
[Round "5.1"]
[White "Muenster, Erich"]
[Black "Seeger, Peter"]
[Result "0-1"]
[WhiteElo "2003"]
[BlackElo "2077"]
[PlyCount "82"]
[EventDate "2011.09.25"]
[EventType "team-tourn"]
[EventRounds "9"]
[EventCountry "GER"]
[SourceTitle "EXT 2013"]
[Source "ChessBase"]
[SourceDate "2012.11.22"]
[SourceVersion "1"]
[SourceVersionDate "2012.11.22"]
[SourceQuality "1"]
[WhiteTeam "Heilsbronn"]
[BlackTeam "Nuernberg NT III"]
[WhiteTeamCountry "GER"]
[BlackTeamCountry "GER"]

1. e4 c5 2. Nf3 d6 3. d4 cxd4 4. Nxd4 Nf6 5. Nc3 a6 6. Bc4 e6 7. 0-0 Qc7 8. Bb3 Be7 9. Re1 0-0 10. Bg5 Nc6 11. Nxc6 bxc6 12. Qf3 Rb8 13. Rab1 h6 14. Bf4 e5 15. Bd2 Nh7 16. Qh5 Bg5 17. Bxg5 Nxg5 18. Re3 Ne6 19. Rg3 Kh7 20. Ne2 Nc5 21. Nc3 Nxb3 22. axb3 f5 23. Rd1 Rf6 24. Rgd3 Be6 25. Qe2 Rd8 26. Qd2 Bc8 27. f3 Rg6 28. Kh1 a5 29. Re3 fxe4 30. fxe4 Rf6 31. Rf3 Rxf3 32. gxf3 Qf7 33. Qg2 d5 34. Qg3 Rd6 35. Rg1 Ba6 36. Rg2 Rf6 37. exd5 Rxf3 38. Qg4 cxd5 39. Nxd5 Rf1+ 40. Rg1 Qxd5+ 41. Qg2 Bb7 0-1

[Event "Mittelfranken-chTB1 1112"]
[Site "Germany"]
[Date "2011.12.11"]
[Round "4.1"]
[White "Seeger, Peter"]
[Black "Roeber, Juergen"]
[Result "0-1"]
[WhiteElo "2077"]
[BlackElo "2094"]
[PlyCount "90"]
[EventDate "2011.09.25"]
[EventType "team-tourn"]
[EventRounds "9"]
[EventCountry "GER"]
[SourceTitle "EXT 2013"]
[Source "ChessBase"]
[SourceDate "2012.11.22"]
[SourceVersion "1"]
[SourceVersionDate "2012.11.22"]
[SourceQuality "1"]
[WhiteTeam "Nuernberg NT III"]
[BlackTeam "Heng Postbauer"]
[WhiteTeamCountry "GER"]
[BlackTeamCountry "GER"]

1. d4 Nf6 2. Nf3 g6 3. c4 Bg7 4. g3 d6 5. Nc3 0-0 6. Bg2 Nbd7 7. 0-0 e5 8. e4 c6 9. h3 Qc7 10. Be3 b6 11. Qc2 a6 12. Rfd1 Rb8 13. Rac1 Re8 14. b4 Bf8 15. d5 c5 16. a3 Bg7 17. Na4 h6 18. Ne1 Rf8 19. Nd3 Kh7 20. Rb1 Ng8 21. bxc5 bxc5 22. Rxb8 Nxb8 23. Ndxc5 dxc5 24. Bxc5 Nd7 25. Be3 f5 26. exf5 gxf5 27. c5 e4 28. c6 Be5 29. Qd2 Ndf6 30. Bb6 Qf7 31. d6 Qb3 32. d7 Qxa4 33. d8Q Rxd8 34. Qxd8 Qxc6 35. Be3 Be6 36. Qa5 Qb5 37. Qxb5 axb5 38. Bf1 Nd5 39. Bd4 Bd6 40. Bb2 b4 41. Bc4 bxa3 42. Ba1 Nge7 43. Bf6 Nxf6 44. Bxe6 Be5 45. Rc1 Nfd5 0-1

[Event "Mittelfranken-chTB1 1112"]
[Site "Germany"]
[Date "2011.11.20"]
[Round "3.1"]
[White "Adelhuette, Dennis"]
[Black "Seeger, Peter"]
[Result "1/2-1/2"]
[WhiteElo "1951"]
[BlackElo "2077"]
[PlyCount "51"]
[EventDate "2011.09.25"]
[EventType "team-tourn"]
[EventRounds "9"]
[EventCountry "GER"]
[SourceTitle "EXT 2013"]
[Source "ChessBase"]
[SourceDate "2012.11.22"]
[SourceVersion "1"]
[SourceVersionDate "2012.11.22"]
[SourceQuality "1"]
[WhiteTeam "Erlangen SC II"]
[BlackTeam "Nuernberg NT III"]
[WhiteTeamCountry "GER"]
[BlackTeamCountry "GER"]

1. e4 c5 2. Nf3 d6 3. d4 cxd4 4. Nxd4 Nf6 5. Nc3 a6 6. Be3 e5 7. Nb3 Be6 8. f3 h5 9. Qd2 Nbd7 10. 0-0-0 Qc7 11. Be2 b5 12. Nd5 Bxd5 13. exd5 Nb6 14. Bxb6 Qxb6 15. Kb1 g6 16. Qa5 Qb7 17. c4 bxc4 18. Bxc4 Bh6 19. Qa4+ Qd7 20. Qxd7+ Kxd7 21. Na5 Rhb8 22. Nc6 Rb6 23. Rhe1 Ng8 24. Rd3 Ne7 25. g3 Rf8 26. Ra3 1/2-1/2

[Event "Nuremberg Zabo op 13th"]
[Site "Nuremberg"]
[Date "2011.09.18"]
[Round "5"]
[White "Lais, Thomas"]
[Black "Seeger, Peter"]
[Result "1/2-1/2"]
[WhiteElo "1919"]
[BlackElo "2077"]
[PlyCount "58"]
[EventDate "2011.09.16"]
[EventType "swiss"]
[EventRounds "5"]
[EventCountry "GER"]
[SourceTitle "EXT 2013"]
[Source "ChessBase"]
[SourceDate "2012.11.22"]
[SourceVersion "1"]
[SourceVersionDate "2012.11.22"]
[SourceQuality "1"]

1. e4 c5 2. Nf3 d6 3. d4 cxd4 4. Nxd4 Nf6 5. Nc3 a6 6. f4 e5 7. Nf3 Nbd7 8. Bd3 b5 9. 0-0 Be7 10. Qe1 0-0 11. Nh4 g6 12. Nf3 Bb7 13. Bd2 Qc7 14. fxe5 Nxe5 15. Nxe5 Qc5+ 16. Kh1 Qxe5 17. Bf4 Qe6 18. a3 Rfe8 19. Bg5 Ng4 20. Qh4 Ne5 21. Rf4 Bxg5 22. Qxg5 Qe7 23. Qh6 Qf8 24. Qg5 Qe7 25. Qh6 Qf8 26. Qg5 h6 27. Qg3 Qe7 28. Raf1 Kg7 29. Ne2 Kh7 1/2-1/2

[Event "Nuremberg Zabo op 13th"]
[Site "Nuremberg"]
[Date "2011.09.17"]
[Round "3"]
[White "Seeger, Peter"]
[Black "Horneber, Thomas"]
[Result "1-0"]
[WhiteElo "2077"]
[BlackElo "1957"]
[PlyCount "83"]
[EventDate "2011.09.16"]
[EventType "swiss"]
[EventRounds "5"]
[EventCountry "GER"]
[SourceTitle "EXT 2013"]
[Source "ChessBase"]
[SourceDate "2012.11.22"]
[SourceVersion "1"]
[SourceVersionDate "2012.11.22"]
[SourceQuality "1"]

1. d4 e6 2. c4 Bb4+ 3. Bd2 Bxd2+ 4. Qxd2 Nf6 5. g3 d5 6. Bg2 c6 7. Qc2 0-0 8. Nf3 b6 9. 0-0 Bb7 10. Rd1 Nbd7 11. Nbd2 Rc8 12. e4 dxe4 13. Nxe4 Nxe4 14. Qxe4 Nf6 15. Qe2 Qc7 16. b4 c5 17. dxc5 bxc5 18. b5 Ne4 19. Rd3 Rfd8 20. Rad1 Rxd3 21. Qxd3 Kf8 22. Nh4 Nf6 23. Bxb7 Qxb7 24. Nf3 Qc7 25. Qd6+ Ke8 26. Ne5 Ne4 27. Qxc7 Rxc7 28. Rd3 f6 29. f3 fxe5 30. fxe4 Ke7 31. Kf2 Rb7 32. Ra3 Rd7 33. Ke3 Kf6 34. Ra6 Rd4 35. Rxa7 Rxc4 36. b6 Rb4 37. b7 Kg5 38. a4 Kg4 39. a5 Rb3+ 40. Kd2 Kf3 41. a6 Kxe4 42. Ra8 1-0

[Event "Nuremberg LGA Cup 8th"]
[Site "Nuremberg"]
[Date "2011.09.11"]
[Round "6"]
[White "Seeger, Peter"]
[Black "Jahnel, Guenther"]
[Result "1-0"]
[WhiteElo "2079"]
[BlackElo "2281"]
[PlyCount "43"]
[EventDate "2011.09.08"]
[EventType "swiss"]
[EventRounds "7"]
[EventCountry "GER"]
[SourceTitle "CBM 144 Extra"]
[Source "ChessBase"]
[SourceDate "2011.10.28"]
[SourceVersion "1"]
[SourceVersionDate "2011.10.28"]
[SourceQuality "1"]

1. d4 Nf6 2. c4 g6 3. g3 Bg7 4. Bg2 0-0 5. Nc3 d6 6. Nf3 c6 7. 0-0 Qa5 8. e4 Qa6 9. e5 dxe5 10. dxe5 Ng4 11. Qe2 Be6 12. h3 Bxc4 13. Qe4 Nh6 14. Rd1 e6 15. Bxh6 Bxh6 16. Qh4 Bg7 17. Ne4 Bd5 18. Nf6+ Bxf6 19. exf6 h5 20. Qg5 Kh7 21. Ne5 Bxg2 22. Ng4 1-0

[Event "Nuremberg LGA Cup 8th"]
[Site "Nuremberg"]
[Date "2011.09.09"]
[Round "3"]
[White "Beesk, Kevin"]
[Black "Seeger, Peter"]
[Result "0-1"]
[WhiteElo "1673"]
[BlackElo "2079"]
[PlyCount "108"]
[EventDate "2011.09.08"]
[EventType "swiss"]
[EventRounds "7"]
[EventCountry "GER"]
[SourceTitle "CBM 144 Extra"]
[Source "ChessBase"]
[SourceDate "2011.10.28"]
[SourceVersion "1"]
[SourceVersionDate "2011.10.28"]
[SourceQuality "1"]

1. Nc3 c5 2. Nf3 Nf6 3. d4 cxd4 4. Nxd4 d6 5. g3 e6 6. Bg2 Be7 7. 0-0 a6 8. e4 0-0 9. Be3 Qc7 10. a4 Nc6 11. Nb3 Ne5 12. Qc1 Nc4 13. f4 Nxe3 14. Qxe3 Rb8 15. a5 Bd7 16. Rfc1 Bc6 17. Na4 e5 18. fxe5 dxe5 19. Nac5 Bb5 20. c4 Ng4 21. Ne6 Nxe3 22. Nxc7 Bxc4 23. Nd2 Bb5 24. Nxb5 axb5 25. Bf3 Rfc8 26. Be2 Nc2 27. Rab1 Nd4 28. Bg4 Rxc1+ 29. Rxc1 Bb4 30. Nf1 g6 31. Rc7 Bxa5 32. Re7 Nc6 33. Rd7 Bb6+ 34. Kg2 Bd4 35. b3 Na5 36. Nd2 Bc3 37. Bd1 Kf8 38. Rd5 Ke7 39. Nf3 Rd8 40. Rxd8 Kxd8 41. Ng5 Ke7 42. Kf2 h6 43. Nf3 Kd6 44. Ke2 Kc5 45. Kd3 Kb4 46. Nd2 Bxd2 47. Kxd2 Nxb3+ 48. Kc2 Ka3 49. Kc3 Nd4 50. Kd2 b4 51. Kc1 Ka2 52. Ba4 b3 53. Bxb3+ Kxb3 54. Kd2 b5 0-1

[Event "Mittelfranken-chTB1 1011"]
[Site "Germany"]
[Date "2011.05.15"]
[Round "9.2"]
[White "Justen, Detlef"]
[Black "Seeger, Peter"]
[Result "1/2-1/2"]
[WhiteElo "2134"]
[BlackElo "2103"]
[PlyCount "40"]
[EventDate "2010.09.26"]
[EventType "team-tourn"]
[EventRounds "9"]
[EventCountry "GER"]
[SourceTitle "EXT 2012"]
[Source "ChessBase"]
[SourceDate "2011.11.24"]
[SourceVersion "1"]
[SourceVersionDate "2011.11.24"]
[SourceQuality "1"]
[WhiteTeam "Gunzenhausen"]
[BlackTeam "Nuernberg NT III"]
[WhiteTeamCountry "GER"]
[BlackTeamCountry "GER"]

1. d4 Nf6 2. Bg5 e6 3. Nf3 h6 4. Bh4 c5 5. Nbd2 cxd4 6. Nxd4 Be7 7. e3 a6 8. Bd3 d6 9. 0-0 Nbd7 10. c4 Qc7 11. Rc1 0-0 12. Bb1 Re8 13. Qc2 b6 14. Ne4 Bb7 15. Nxf6+ Nxf6 16. f3 Rac8 17. Bg3 Bf8 18. Rfd1 g6 19. Ne2 e5 20. Qb3 Kg7 1/2-1/2

[Event "Nuremberg Zabo op 12th"]
[Site "Nuremberg"]
[Date "2010.09.19"]
[Round "5"]
[White "Seeger, Peter"]
[Black "Hirn, Oskar"]
[Result "1-0"]
[WhiteElo "2103"]
[BlackElo "2185"]
[PlyCount "53"]
[EventDate "2010.09.17"]
[EventType "swiss"]
[EventRounds "5"]
[EventCountry "GER"]
[SourceTitle "EXT 2011"]
[Source "ChessBase"]
[SourceDate "2010.11.26"]
[SourceVersion "1"]
[SourceVersionDate "2010.11.26"]
[SourceQuality "1"]

1. d4 Nf6 2. c4 e6 3. g3 c5 4. d5 exd5 5. cxd5 d6 6. Nc3 g6 7. Bg2 Bg7 8. Nf3 0-0 9. 0-0 Na6 10. Nd2 Nc7 11. a4 b6 12. Nc4 Ba6 13. Qb3 Bxc4 14. Qxc4 a6 15. Qh4 Nd7 16. Bg5 Bf6 17. Ne4 Bxg5 18. Nxg5 h5 19. g4 Kg7 20. gxh5 Rh8 21. h6+ Kf8 22. Ra3 Ra7 23. Nh7+ Ke8 24. Re3+ Ne5 25. Nf6+ Kf8 26. f4 g5 27. Qxg5 1-0

[Event "Nuremberg Zabo op 12th"]
[Site "Nuremberg"]
[Date "2010.09.17"]
[Round "1"]
[White "Seeger, Peter"]
[Black "Schilay, Andre"]
[Result "1-0"]
[WhiteElo "2103"]
[BlackElo "1643"]
[PlyCount "99"]
[EventDate "2010.09.17"]
[EventType "swiss"]
[EventRounds "5"]
[EventCountry "GER"]
[SourceTitle "EXT 2011"]
[Source "ChessBase"]
[SourceDate "2010.11.26"]
[SourceVersion "1"]
[SourceVersionDate "2010.11.26"]
[SourceQuality "1"]

1. d4 d5 2. c4 c6 3. Nf3 Nf6 4. e3 e6 5. b3 Be7 6. Bd3 0-0 7. Qc2 c5 8. dxc5 dxc4 9. Bxc4 Qa5+ 10. Nbd2 Qxc5 11. Bb2 b5 12. Bd3 Qxc2 13. Bxc2 Bb7 14. Rc1 Nbd7 15. Bd3 a6 16. Rc7 Rab8 17. Bxf6 Nxf6 18. Rxe7 Rfc8 19. Ke2 Kf8 20. Rxb7 Rxb7 21. a4 Nd5 22. Ne4 Rb6 23. axb5 f5 24. Neg5 h6 25. Nxe6+ Rxe6 26. Nd4 Rf6 27. bxa6 f4 28. Ra1 Nc3+ 29. Kd2 fxe3+ 30. fxe3 Rf2+ 31. Ne2 Nxe2 32. Bxe2 Rxg2 33. a7 Rd8+ 34. Ke1 Rg1+ 35. Bf1 Ra8 36. Kf2 Rxf1+ 37. Kxf1 Ke7 38. Kf2 Kd6 39. Kf3 Kc5 40. Ra4 Rf8+ 41. Ke4 Ra8 42. Kf5 Kd5 43. Kg6 Ke6 44. Kxg7 Kf5 45. Kf7 h5 46. Ke7 h4 47. Kd7 h3 48. Kc7 Ke5 49. Kb7 Rxa7+ 50. Kxa7 1-0

[Event "Mittelfranken-chTB1 0910"]
[Site "Mittelfranken"]
[Date "2010.02.21"]
[Round "7.2"]
[White "Justen, Detlef"]
[Black "Seeger, Peter"]
[Result "1-0"]
[WhiteElo "2131"]
[BlackElo "1975"]
[PlyCount "75"]
[EventDate "2009.10.11"]
[EventType "team-tourn"]
[EventRounds "9"]
[EventCountry "GER"]
[SourceTitle "EXT 2011"]
[Source "ChessBase"]
[SourceDate "2010.11.26"]
[SourceVersion "1"]
[SourceVersionDate "2010.11.26"]
[SourceQuality "1"]
[WhiteTeam "Gunzenhausen"]
[BlackTeam "Nuernberg NT III"]
[WhiteTeamCountry "GER"]
[BlackTeamCountry "GER"]

1. e4 c5 2. Nf3 d6 3. d4 cxd4 4. Nxd4 Nf6 5. Nc3 a6 6. h3 e6 7. g4 d5 8. e5 Nfd7 9. Bg2 Nxe5 10. Qe2 Nec6 11. Nf5 g6 12. Nh6 Bg7 13. h4 Nd4 14. Qd1 Nbc6 15. Bg5 Qd6 16. Rh3 Nb5 17. Nxb5 axb5 18. c3 Bd7 19. Kf1 Qf8 20. Qd2 Ne5 21. Re1 Nc4 22. Qxd5 Bxh6 23. Qxb7 Rc8 24. Rd3 Nd6 25. Rxd6 Qxd6 26. Bxh6 Qc7 27. Qf3 Bc6 28. Qf6 Bxg2+ 29. Kxg2 Rg8 30. Rxe6+ fxe6 31. Qxe6+ Qe7 32. Qxg8+ Kd7 33. Qd5+ Kc7 34. Bg5 Qe2 35. Bf4+ Kb6 36. Be3+ Ka6 37. Qe6+ Kb7 38. Qb6+ 1-0